[Event "GER-ch Blitz Women 2020"]
[Site "Magdeburg"]
[Date "2020.08.15"]
[Round "8.9"]
[White "Voicu-Jagodzinsky, Carmen"]
[Black "Leib, Britta"]
[Result "1-0"]
[WhiteElo "2244"]
[BlackElo "1903"]
[Annotator "TA"]
[PlyCount "89"]
[EventDate "2020.07.28"]
[EventType "tourn"]
[EventCountry "GER"]
[SourceTitle "playchess.com"]
[Source "ChessBase"]
[SourceQuality "1"]

{[%evp 14,89,30,10,38,26,25,39,37,29,38,32,69,66,77,29,73,74,64,59,55,43,67,87,89,53,31,56,36,43,44,31,49,22,21,22,23,-97,9,0,23,0,0,8,33,7,8,8,53,0,0,0,31,0,35,35,27,0,0,-4,33,46,55,19,13,16,537,47,97,0,0,-27,0,-154,0,-1148,29998,29999]} 1. Nf3 Nf6 2. g3 g6 3. b3 Bg7 4. Bb2 O-O 5. Bg2 d5 6. c4 c6 7. O-O Nbd7 8. d3 {8.d4 is the modern continuation.} Qc7 {A11: English Opening: 1...c6.} 9. Qc2 e5 10. cxd5 Nxd5 {White is slightly better.} 11. a3 {[#]} Qd6 $146 ({Predecessor:} 11... N7b6 12. e4 Ne7 13. d4 exd4 14. Nxd4 a6 15. h3 Bd7 16. Nd2 Rfd8 17. N4f3 Bxb2 18. Qxb2 {1-0 (39) Collutiis,D (2471)-Martin,L (2064) Opatija 2014}) 12. Nbd2 Re8 13. Nc4 $36 {[%mdl 2048] White is pushing.} Qe6 14. Rac1 (14. e4 $5 {[%cal Re4d5]}) 14... Bh6 15. e3 f6 16. Rcd1 N7b6 17. Rfe1 Bg7 18. e4 Nc7 19. Nxb6 axb6 20. d4 exd4 21. Nxd4 Qe7 22. f4 Ne6 23. b4 Nxd4 24. Rxd4 Be6 25. f5 (25. Red1 $11) 25... Bf7 (25... Bxf5 $1 $17 26. Rd3 b5) 26. g4 Rad8 27. Qf2 Rxd4 28. Bxd4 Rd8 29. Bxb6 Rd3 30. Bc5 Qd7 31. h3 (31. a4 $14) 31... Rxa3 $11 32. Qe2 Ra2 33. Qe3 (33. Rd1 $5 {[%cal Rd1d7]} Qe8 34. Qd3 $11 (34. Rd2 Ra8 $11)) 33... Qd2 (33... Qd8 {feels hotter.} 34. Bb6 Qd6 35. Bc5 Qd8) 34. Qxd2 Rxd2 35. h4 Bc4 36. Re3 b5 37. Ra3 Bh6 38. Ra8+ Kf7 39. Ra7+ Ke8 $2 {[%mdl 8192] [#]} (39... Kg8 $11 {and Black stays safe.}) 40. fxg6 $2 (40. g5 $1 $18 {[%mdl 512]} Rd1+ (40... fxg5 41. Re7+) 41. Kh2) 40... hxg6 {[#]} 41. Re7+ (41. g5 $1 $16 {[%cal Rg5h6][%mdl 512]} fxg5 42. Re7+ Kd8 43. Rh7 Rd1+ 44. Kh2) 41... Kd8 {Threatens to win with ...Be3+!} 42. e5 fxe5 {With the idea ...Be3+!} (42... Be3+ $5 43. Bxe3 Rd1+ 44. Kf2 Kxe7 45. exf6+ Kxf6 46. Bxc6 Rb1 47. Bd4+ Kf7 $15) 43. Bxc6 $2 {[#]} ({Better is} 43. g5 $11 Bf8 44. Rxe5 Bxc5+ 45. Rxc5) 43... Bf4 $2 ({Black should try} 43... Be3+ $1 $17 {[%mdl 512]} 44. Bxe3 Rd1+ 45. Kf2 Kxe7) 44. Bb6+ $2 {[%mdl 8192]} (44. Rh7 $11 Rd1+ 45. Kg2 Rd2+ 46. Kg1 Rd1+ 47. Kf2 Rd2+ 48. Kg1) 44... Kc8 $4 {[%mdl 8192]} (44... Kxe7 $19 45. Bb7 Bd3) 45. Re8+ {Accuracy: White = 58%, Black = 47%.} 1-0

[Event "GER-ch Blitz Women 2020"]
[Site "Magdeburg"]
[Date "2020.08.15"]
[Round "9.1"]
[White "Leib, Britta"]
[Black "Paehtz, Elisabeth"]
[Result "1/2-1/2"]
[WhiteElo "1903"]
[BlackElo "2473"]
[Annotator "TA"]
[PlyCount "50"]
[EventDate "2020.07.28"]
[EventType "tourn"]
[EventCountry "GER"]
[SourceTitle "playchess.com"]
[Source "ChessBase"]
[SourceQuality "1"]

{[%evp 13,50,13,57,0,22,0,0,0,0,0,0,-12,0,-8,0,-25,-37,-168,-156,-246,-238,-234,-240,-255,-191,-191,-185,-221,-195,-236,-156,-247,-238,-262,-269,-282,-252,-306,-281]} 1. e4 c5 2. Nf3 d6 3. d4 cxd4 4. Nxd4 Nf6 5. Nc3 a6 6. a4 e5 7. Nf3 Qc7 8. h3 {B90: Sicilian Najdorf: Unusual White 6th moves, 6 Be3 Ng4 and 6 Be3 e5.} (8. Bg5 $14) 8... h6 9. Bd3 Be6 10. O-O {The position is equal.} Be7 {[#]} 11. Be3 $146 ({Predecessor:} 11. Bd2 O-O 12. Ne2 d5 13. exd5 Bxd5 14. c4 Bxf3 15. gxf3 Rd8 16. Qc2 Qd7 17. Nc1 Qxh3 {0-1 (31) Kagas,K (2080)-Pandavos,P (2375) Athens 1996}) 11... Nc6 {[%cal Bb8c6,Bc6a5,Ba5c4][%mdl 32]} 12. Qd2 Rc8 13. Rfe1 Na5 14. Ne2 Nc4 15. Bxc4 (15. Qc1 $15) 15... Qxc4 $19 16. Ng3 (16. b3 $17 {was worth a try.} Qc6 17. c4) 16... Nxe4 17. Nxe4 Qxe4 18. c3 Qg6 19. Kh2 O-O 20. Rad1 Qh5 21. Ng1 Rc4 22. f3 (22. b3 $17 {was called for.} Rcc8 23. Qb2) 22... Rxa4 23. Ne2 Qg6 {Black has a decisive advantage.} 24. Ng3 Bh4 25. Ne4 Bxe1 {[%mdl 32768] Black took control after the opening. Accuracy: White = 45%, Black = 80%. . An unexpected result.} 1/2-1/2

[Event "GER-ch Blitz Women 2020"]
[Site "Magdeburg"]
[Date "2020.08.15"]
[Round "9.2"]
[White "Heinemann, Josefine"]
[Black "Voicu-Jagodzinsky, Carmen"]
[Result "1/2-1/2"]
[WhiteElo "2281"]
[BlackElo "2244"]
[Annotator "TA"]
[PlyCount "141"]
[EventDate "2020.07.28"]
[EventType "tourn"]
[EventCountry "GER"]
[SourceTitle "playchess.com"]
[Source "ChessBase"]
[SourceQuality "1"]

{[%evp 19,141,41,34,43,60,39,37,35,45,25,31,10,12,-6,-2,-23,2,-46,-20,-18,0,0,5,0,0,12,25,0,0,0,0,0,37,25,94,97,118,21,31,25,106,112,104,99,109,106,142,106,107,102,97,83,93,97,206,154,172,181,164,68,68,68,59,59,86,0,162,175,186,9,12,-1,0,-8,0,-50,0,0,0,0,0,0,0,0,0,0,0,0,0,0,29972,0,29971,29975,29975,29975,29976,29977,29971,29977,29978,29976,29977,29979,29979,29980,29981,29979,29977,0,0,0,0,0,0,0,0,0,0,0,0,0,0,0]} 1. e4 c5 2. Nf3 Nc6 3. d4 cxd4 4. Nxd4 g6 5. c4 Bg7 6. Be3 Nf6 7. Nc3 d6 8. Be2 O-O 9. O-O Bd7 10. Nc2 Rc8 11. Rc1 {B38: Sicilian: Maroczy Bind with 5...Bg7 and 7...0-0.} a6 {has lost popularity (11...Ne5).} 12. f3 Ne5 13. Na3 {White is slightly better.} Qa5 14. Qd2 Rfe8 {[#]} 15. h3 $146 ({Predecessor:} 15. b3 d5 16. Nab1 dxc4 17. f4 Neg4 18. e5 Nxe3 19. Qxe3 cxb3 20. exf6 exf6 21. Qd4 bxa2 22. Nxa2 Rxe2 23. Qxd7 Rxc1 24. Rxc1 Qxa2 25. Qxb7 {0-1 (33) Chkhaidze,N (2370)-Gvetadze,S (2283) Tbilisi 2016}) 15... Be6 {[%cal Re6c4]} 16. Nd5 Qxd2 17. Bxd2 Nfd7 18. b4 Nc6 19. Nc2 Nd4 20. Nxd4 Bxd4+ 21. Be3 Bxe3+ 22. Nxe3 Rc7 23. Rc2 Rec8 24. Rfc1 Kg7 25. f4 $36 {[%mdl 2048] Strongly threatening f5. Black is under pressure.} f5 26. exf5 gxf5 (26... Bxf5 $11 27. Nxf5+ gxf5) 27. Bd3 $16 Kf6 28. Kf2 (28. g4 $16) 28... a5 29. a3 b6 (29... axb4 $11 30. axb4 h5) 30. g4 fxg4 31. hxg4 h6 32. Rh1 Rh8 33. Kg3 axb4 34. axb4 Ra7 35. Rd2 {Hoping for g5+!} Ra3 36. Kf2 b5 (36... Rb3 $16) 37. cxb5 Nb6 {[#]} 38. g5+ $1 {[%mdl 512]} Kg7 (38... hxg5 39. Rxh8) 39. gxh6+ (39. f5 $18 Bd7 40. f6+ $1 {[%mdl 512]} exf6 41. gxh6+ Rxh6 42. Rxh6 Kxh6 43. Be2) 39... Rxh6 $14 40. Rxh6 Kxh6 41. f5 Bf7 42. Kf3 ({White should try} 42. f6 $1 $16 {[%cal Rf6e7]} exf6 43. Nf5+ Kg5 44. Nxd6) 42... Nd5 $2 (42... Rb3 $11) 43. Nxd5 $18 Bxd5+ {[%mdl 4096] Endgame [#] KRB-KRB} 44. Kf4 $2 ({Only move:} 44. Ke3 $1 $18) 44... Rb3 $11 45. Rh2+ (45. f6 {keeps more tension.} Rxb4+ 46. Ke3 exf6 47. Be2 Bf7 48. Rxd6 Kg5 49. Rd7) 45... Kg7 46. Rd2 Rxb4+ 47. Kg5 (47. Ke3 {is interesting.} Kf6 48. Rh2 Bf7 49. Rh6+ Kg7 50. Rh1) 47... Bc4 (47... Rd4 $5 {[%cal Rd5f3]} 48. Re2 Rxd3 49. Rxe7+ Bf7 $11) 48. Bxc4 Rxc4 {KR-KR} 49. Rb2 Rc8 50. b6 Rb8 51. b7 Kf7 52. Rb5 Kg7 53. Kf4 Kf7 54. Ke4 {Kd5 is the strong threat.} Kf6 $2 {[%mdl 8192] [#]} (54... e6 $11) 55. Rb6 $2 (55. Kd5 $1 Kxf5 56. Kc6+ Ke4 57. Kc7 Rh8 58. Kc6 Rb8 59. Kc7 Rh8 60. b8=Q Rxb8 61. Rxb8) 55... Kf7 $2 {[%mdl 8192]} (55... e6 $11) 56. Kd5 Kf6 57. Kc6 Kxf5 58. Kc7 Rh8 59. b8=Q Rxb8 60. Kxb8 {KR-KPP} e5 61. Kc7 d5 62. Kd6 d4 63. Rb5 d3 64. Rxe5+ $2 {KR-KP} (64. Kc5 {mates} d2 65. Rb1 Ke4 66. Kc4 Ke3 67. Kc3 Ke4 68. Kxd2 Kf3 69. Rb3+ Ke4 70. Rd3) 64... Kf4 {The position is equal.} 65. Rd5 Ke3 66. Re5+ Kf2 67. Rd5 Ke2 68. Kc5 d2 69. Kc4 d1=Q 70. Rxd1 Kxd1 71. Kd4 {White really could win this. Accuracy: White = 68%, Black = 68%.} 1/2-1/2

[Event "GER-ch Blitz Women 2020"]
[Site "Magdeburg"]
[Date "2020.08.15"]
[Round "9.3"]
[White "Zschischang, Marine"]
[Black "Mader, Lena"]
[Result "0-1"]
[WhiteElo "2070"]
[BlackElo "1839"]
[Annotator "TA"]
[PlyCount "78"]
[EventDate "2020.07.28"]
[EventType "tourn"]
[EventCountry "GER"]
[SourceTitle "playchess.com"]
[Source "ChessBase"]
[SourceQuality "1"]

{[%evp 12,78,42,33,66,63,94,88,122,108,73,79,77,0,0,0,0,0,0,0,0,-79,0,-54,6,0,18,-18,-15,-57,-57,-52,-35,-51,48,60,70,-25,7,-16,-8,-14,-10,-7,-6,-25,-25,-19,0,-8,0,-13,0,0,0,0,0,-435,-428,-724,-428,-428,-428,-395,-414,-414,-394,-283,-257]} 1. d4 Nf6 2. Nf3 g6 3. Nc3 Bg7 4. e4 d6 5. Be3 O-O 6. Qd2 c6 7. Bh6 a6 {B08: Pirc Defence: Classical System.} 8. h4 Bg4 {[#]} 9. Be2 $146 ({Predecessor:} 9. Nh2 Be6 10. Be2 Kh8 11. h5 Nbd7 12. hxg6 fxg6 13. g4 Bxh6 14. Qxh6 Rg8 15. Qe3 {1-0 (22) Kruit,E (1941)-Abbate,G (1600) Berlin 2019}) 9... b5 {White is better.} 10. a3 a5 11. Bxg7 Kxg7 12. Nh2 (12. d5 $16) 12... Bxe2 $11 13. Qxe2 e5 14. dxe5 dxe5 15. Nf3 Nbd7 16. Rd1 {[#]} (16. O-O $11 {keeps the balance.}) 16... Qc7 ({Black should try} 16... Qe7 $1 $17) 17. O-O (17. h5 $1 $11) 17... b4 (17... Nc5 $15) 18. Nb1 c5 19. Nfd2 Nb6 20. Nc4 Nxc4 21. Qxc4 Rad8 22. c3 {[%cal Rc3b4]} Rd7 (22... Qb6 $15) 23. Rxd7 $14 Qxd7 24. axb4 (24. Qxc5 $14 Qb7 25. Nd2 (25. cxb4 axb4 26. Qxb4 Qxb4 $14) (25. Qxa5 bxa3 26. Nxa3 Qxe4 $14) (25. Qxe5 Qxe4 26. Qxe4 Nxe4 $14) (25. axb4 axb4 26. f3 bxc3 $14)) 24... axb4 25. cxb4 cxb4 26. Qxb4 Qg4 27. f3 Qxh4 28. Qe1 Qf4 29. Qd2 Qh4 30. Qf2 Qf4 31. Nc3 Nh5 32. Nd5 Qg5 33. Qe3 Qh4 34. Qe1 $2 {[%mdl 8192] [#]} (34. Qc3 $11) 34... Ng3 $19 35. Kf2 (35. Ne3 $142) 35... Nxf1+ 36. Kxf1 Qh1+ 37. Kf2 Qxe1+ 38. Kxe1 Rb8 39. b4 Rb5 {Accuracy: White = 62%, Black = 62%.} 0-1

[Event "GER-ch Blitz Women 2020"]
[Site "Magdeburg"]
[Date "2020.08.15"]
[Round "9.4"]
[White "Frey, Alisa"]
[Black "Braun, Kristin"]
[Result "1/2-1/2"]
[WhiteElo "2087"]
[BlackElo "1918"]
[Annotator "TA"]
[PlyCount "88"]
[EventDate "2020.07.28"]
[EventType "tourn"]
[EventCountry "GER"]
[SourceTitle "playchess.com"]
[Source "ChessBase"]
[SourceQuality "1"]

{[%evp 21,88,34,31,23,21,-131,-134,-204,-98,-450,-415,-409,-343,-756,-753,-731,-721,-811,-799,-701,-407,-525,-421,-505,-356,-529,-508,-650,-631,-591,-91,-101,-102,-354,-77,-77,714,-22,-22,-43,-22,-50,-22,-64,-63,-62,-16,-55,-7,-12,-12,-12,-12,-55,-55,-92,-92,-229,-92,-12841,0,0,0,0,0,0,0,0,14]} 1. e4 c5 2. Nf3 d6 3. d4 cxd4 4. Nxd4 Nf6 5. Nc3 g6 6. Be3 Bg7 7. f3 Nc6 8. Qd2 O-O 9. O-O-O d5 10. Qe1 e5 11. Nxc6 bxc6 12. exd5 $1 {B76: Sicilian Dragon: Yugoslav Attack, 9 g4 and 9 0-0-0.} cxd5 {[%cal Bc6d5,Bd5d4][%mdl 32]} 13. Bc5 $2 {[#]} (13. Bg5 $11 Be6 14. Bc4 (14. Qxe5 h6 $17)) 13... Re8 $1 $17 {[#]} 14. Bc4 $146 (14. Bb5 $17 Re6 15. Nxd5 Nxd5 16. c4) ({Predecessor:} 14. Bb5 d4 15. Ne4 Nxe4 16. fxe4 Bd7 17. Bxd7 Qxd7 18. h4 Rec8 19. Ba3 Qa4 20. Qf2 {0-1 (36) Klimkowski,J (1887)-Kolasinski,K (2118) Jastrzebia Gora 2018}) 14... Qc7 (14... Qa5 $19 15. Bb5 (15. Bxd5 $2 Nxd5 16. Nxd5 Qxc5 $19) 15... d4 16. Bxe8 Qxc5) 15. Qf2 $2 {[%mdl 8192]} (15. Bxd5 $17 Nxd5 16. Rxd5) 15... d4 16. Ne4 Bf5 17. b4 $2 (17. Nd6 Qxc5 18. Bxf7+ Kf8 19. Bxe8 Qxd6 20. Ba4) 17... Bxe4 $19 18. fxe4 Nxe4 {[%mdl 64] Double Attack} 19. Qf3 Nxc5 20. bxc5 Rf8 21. Rhf1 Rab8 22. Bb3 Bh6+ 23. Kb1 (23. Kb2 $142) 23... Qxc5 24. g4 a5 25. a4 Qc3 $2 (25... Qa3 $19 {and Black stays clearly on top. aiming for ...e4.} 26. Qd5 e4 27. Rxd4 Kh8 28. Rxf7 Rxf7 29. Qxf7 Bg7) 26. Qxc3 $17 dxc3 27. h4 $2 {[%mdl 8192]} (27. Rd5 $17) 27... Bg7 $2 (27... Bd2 $19 {is more deadly. Threatens to win with ...e4.} 28. h5 Kg7 29. hxg6 hxg6) 28. Rd7 Rbe8 $2 {[%mdl 8192]} (28... Rb4 $17 29. Ka2 Rxg4 30. Rfxf7 Rxf7 31. Rxf7 h5 32. Rf4+ Kh7 33. Rxg4 hxg4) 29. Rdxf7 $2 ({White must play} 29. Rfxf7 $18 Rxf7 30. Bxf7+ Kf8 31. Bxe8) 29... Kh8 $11 30. Rxf8+ Rxf8 (30... Bxf8 {feels hotter.} 31. Ka2 Bb4 32. Rd1 Rf8 33. Bc4 Rf4) 31. Rxf8+ Bxf8 {[%mdl 4096] Endgame KB-KB} 32. Kc1 Kg7 33. Kd1 Kf6 34. Ke2 h5 35. gxh5 gxh5 36. Kf3 Kf5 37. Bc4 e4+ 38. Kg3 Bd6+ 39. Kg2 (39. Kh3 $17 {keeps fighting.}) 39... Kf4 (39... Kg4 $19 40. Bd5 e3) 40. Be2 $2 {[%mdl 8192] [#]} (40. Kh3 $17) 40... e3 $2 ({Black should play} 40... Ke3 $1 $19 {[%cal Re3e2]} 41. Bxh5 Kd2) 41. Bxh5 {The position is equal.} Be7 42. Kh3 Bc5 43. Be2 Be7 44. h5 Kg5 {Never resign too early! Accuracy: White = 30%, Black = 43%.} 1/2-1/2

[Event "GER-ch Blitz Women 2020"]
[Site "Magdeburg"]
[Date "2020.08.15"]
[Round "9.5"]
[White "Zimmer, Elke"]
[Black "Osmanodja, Filiz"]
[Result "1/2-1/2"]
[WhiteElo "1952"]
[BlackElo "2293"]
[Annotator "TA"]
[PlyCount "88"]
[EventDate "2020.07.28"]
[EventType "tourn"]
[EventCountry "GER"]
[SourceTitle "playchess.com"]
[Source "ChessBase"]
[SourceQuality "1"]

{[%evp 19,88,23,23,17,19,8,18,20,27,33,118,108,146,141,142,116,155,156,148,130,161,-56,-69,-60,-54,-42,83,59,124,128,139,17,34,0,0,0,0,0,0,0,0,-20,-19,-35,8,0,98,85,377,-85,-83,-80,-46,-49,-39,-42,-41,-44,-40,-65,-27,-38,-26,-42,-1,-2,317,295,354,362,339]} 1. e4 c5 2. Nc3 Nc6 3. g3 g6 4. Bg2 Bg7 5. d3 e6 6. Be3 d6 7. Qd2 Nd4 8. Nd1 Ne7 9. c3 Ndc6 10. Bh6 O-O 11. Bxg7 {B26: Closed Sicilian: 3 g3, lines with early Be3.} Kxg7 12. Ne2 d5 13. exd5 {The position is equal.} exd5 14. d4 c4 (14... cxd4 $14 15. Nxd4 Qb6) 15. O-O Re8 16. Ne3 {[#]} b5 $146 ({Predecessor:} 16... Qa5 17. Nf4 Bf5 18. Nxf5+ Nxf5 19. Nh5+ Kh8 20. Nf6 Re6 21. Nxd5 Ncxd4 22. b4 cxb3 23. axb3 Nxb3 24. Rxa5 Nxd2 {0-1 (68) Ryvova,A (1981)-Luna,R (2030) Khanty-Mansiysk 2010}) 17. a3 a5 18. Nf4 Be6 19. Rfe1 Rb8 20. b4 $2 (20. h4 $18) 20... cxb3 $15 21. a4 $1 bxa4 22. Rxa4 b2 (22... Bd7 $15 {stays ahead.}) 23. Rb1 $16 Qb6 (23... Nf5 $14) 24. Ra2 {[#]} a4 $1 {[%mdl 512]} 25. Raxb2 ({Better is} 25. Rxa4 $16 {Hoping for Ra2.} Qb3 26. Nxe6+ fxe6 27. Ra6) 25... Qa5 $11 26. Rxb8 Rxb8 27. Rxb8 Nxb8 28. Qa2 a3 29. Nc2 Qxc3 30. Nxa3 Qxd4 31. Nb5 Qd1+ 32. Bf1 {Threatens to win with Qb2+.} Bf5 {[#]} (32... Nbc6 $11) 33. Qb2+ $1 $16 Kf8 $2 {[%mdl 8192]} (33... f6 $16) 34. Qd4 $2 ({White should try} 34. Nc3 $18 Qe1 35. Qxb8+ Kg7 36. Ncxd5 Nxd5 37. Nxd5) 34... Qxd4 $17 35. Nxd4 Be4 36. f3 Bb1 37. Kf2 Nd7 38. Bb5 Ne5 39. Ke3 Ba2 40. Nd3 Nc4+ 41. Kf4 Kg7 42. Nb4 Nd6 $2 {[%mdl 8192]} (42... Bb1 $11 {and Black is okay.}) 43. Nxa2 $18 Nxb5 44. Nxb5 Kf6 {[%mdl 32768] Accuracy: White = 66%, Black = 39%. . An unexpected result.} 1/2-1/2

[Event "GER-ch Blitz Women 2020"]
[Site "Magdeburg"]
[Date "2020.08.15"]
[Round "9.6"]
[White "Birkholz, Olga"]
[Black "Michna, Marta"]
[Result "0-1"]
[WhiteElo "2001"]
[BlackElo "2350"]
[Annotator "TA"]
[PlyCount "74"]
[EventDate "2020.07.28"]
[EventType "tourn"]
[EventCountry "GER"]
[SourceTitle "playchess.com"]
[Source "ChessBase"]
[SourceQuality "1"]

{[%evp 14,74,2,3,1,-14,28,12,31,18,110,30,16,0,0,0,0,0,0,-51,-25,-32,-41,-50,0,0,0,0,29,16,27,0,69,-58,-47,-37,0,-41,12,-1650,-1632,-1964,-1547,-1544,-1548,-2322,-2274,-3189,-3166,-29989,-29990,-29990,-29991,-29994,-29995,-29995,-29994,-29995,-29996,-29996,-29996,-29996,-29997]} 1. e4 e6 2. Qe2 c5 3. f4 Nc6 4. Nf3 d6 5. g3 g6 6. Bg2 Bg7 7. c3 Nge7 8. O-O b6 {C00: French: Unusual White 2nd moves.} 9. d3 {[#]} Qc7 $146 ({Predecessor:} 9... Ba6 10. f5 exf5 11. exf5 O-O 12. g4 Re8 13. Qd1 f6 14. fxg6 hxg6 15. Ne1 d5 16. Bf4 {1-0 (44) Lortkipanidze,N (2218)-Foster,J (1867) Fermo 2009}) 10. Na3 a6 {The position is equal.} 11. Be3 b5 {[#]} (11... O-O $11 {remains equal.}) 12. Rac1 ({White should play} 12. e5 $1 $16 {[%mdl 512]}) 12... Bb7 $11 13. b4 cxb4 14. cxb4 Qd7 15. Nc2 O-O 16. d4 (16. Rb1 $11) 16... f5 17. e5 Nd5 18. Bd2 dxe5 19. dxe5 Rfd8 20. Rfd1 Bf8 21. a3 h6 22. Nh4 Kh7 ({Better is} 22... Qf7 $11) 23. g4 (23. Be3 $14) 23... Be7 24. Qf2 Rg8 25. h3 Rad8 (25... a5 $15) 26. Qb6 $2 {[%mdl 8192] [#] White does not recover from this.} (26. Nf3 $11) 26... Nxb6 $19 27. Be3 Nd5 28. Nf3 Qe8 29. Ncd4 Nxe3 30. Re1 Nxg2 31. Kxg2 Nxd4 {Black mates.} 32. Rc7 Nxf3 33. Rxb7 Nxe1+ 34. Kf2 Rd7 35. Rxd7 Qxd7 36. Kxe1 Rc8 37. gxf5 gxf5 {Accuracy: White = 51%, Black = 49%.} 0-1

[Event "GER-ch Blitz Women 2020"]
[Site "Magdeburg"]
[Date "2020.08.15"]
[Round "9.7"]
[White "Muetsch, Annmarie"]
[Black "Scognamiglio, Stefanie"]
[Result "1-0"]
[WhiteElo "2219"]
[BlackElo "2097"]
[Annotator "TA"]
[PlyCount "33"]
[EventDate "2020.07.28"]
[EventType "tourn"]
[EventCountry "GER"]
[SourceTitle "playchess.com"]
[Source "ChessBase"]
[SourceQuality "1"]

{[%evp 12,33,38,29,32,9,99,52,46,45,45,49,49,51,50,44,98,53,55,16,35,-38,-52,-25]} 1. e4 c5 2. Nc3 Nc6 3. Bb5 g6 4. Bxc6 dxc6 5. d3 Bg7 6. Be3 b6 7. Qd2 e5 {B23: Closed Sicilian: Lines without g3.} 8. f4 Ne7 (8... Nh6 $11) 9. Nf3 exf4 {White is slightly better.} 10. Bxf4 h6 {[#]} 11. h4 $146 ({Predecessor:} 11. O-O g5 12. Bg3 Ng6 13. Kh1 O-O 14. Rae1 g4 15. Ng1 h5 16. Bf2 Be5 17. Be3 {½-½ (30) Dorst,J (2299)-Venkatesh,M (2498) Pardubice 2014}) 11... Be6 12. a4 {[%cal Ba2a4,Ba4a5][%mdl 32]} Qd7 13. a5 b5 (13... Rd8 $14) 14. Be3 c4 $1 15. d4 Bg4 16. b3 (16. Ne5 $14 Bxe5 17. dxe5) 16... cxb3 $15 17. cxb3 {[%mdl 32768] Accuracy: White = 42%, Black = 74%. . Loss on time!?} 1-0

[Event "GER-ch Blitz Women 2020"]
[Site "Magdeburg"]
[Date "2020.08.15"]
[Round "9.8"]
[White "Kosovska, Olena"]
[Black "Skibbe, Diana"]
[Result "1-0"]
[WhiteElo "1881"]
[BlackElo "1991"]
[Annotator "TA"]
[PlyCount "56"]
[EventDate "2020.07.28"]
[EventType "tourn"]
[EventCountry "GER"]
[SourceTitle "playchess.com"]
[Source "ChessBase"]
[SourceQuality "1"]

{[%evp 9,56,22,36,25,41,-5,34,-42,0,-34,-33,-28,3,0,10,-25,-6,-38,-39,-33,-19,-68,-6,-89,-30,-50,-39,-38,18,-43,56,65,99,109,139,-20,177,-195,129,-352,37,43,187,110,83,0,86,79,116]} 1. e4 e5 2. Nf3 Nf6 3. Nc3 d6 4. h3 Be7 5. Bc4 Nbd7 6. O-O {C41: Philidor Defence.} c6 7. d3 O-O (7... b5 $5 {[%cal Rb5c4]} 8. Bb3 a5 $11) 8. Nh2 {[#]} (8. a4 $14) 8... Re8 $146 ({Predecessor:} 8... d5 9. exd5 cxd5 10. Nxd5 Nxd5 11. Bxd5 Nb6 12. Bb3 {½-½ (12) Busse,G (1791)-Petersen,K (1369) Hanerau 2015}) 9. f4 exf4 10. Bxf4 Ne5 (10... b5 $5 11. Bb3 $8 a5 $11) 11. Bb3 Ng6 12. Bg5 h6 13. Bd2 d5 14. Kh1 Be6 15. Nf3 Qd7 (15... Qc8 $15) 16. Qe2 (16. exd5 $11 Bxd5 17. Nxd5 Nxd5 18. Nd4) 16... Nh5 (16... Bc5 $17 {Strongly threatening ...Nh5.} 17. g4 dxe4 18. Nxe4 Nxe4 19. dxe4 Rad8) 17. Be1 $11 Ngf4 18. Qd2 Rad8 (18... Bb4 $15) 19. exd5 (19. g4 $1 $11) 19... cxd5 (19... Bxd5 $15 20. Nxd5 cxd5) 20. Ba4 $14 {[%mdl 64] Skewer} Qc8 $1 21. Bxe8 Rxe8 22. Nh2 $2 (22. g4 $16) 22... Bg5 $2 (22... d4 $11 {and Black stays safe.} 23. Ne4 g5) 23. Qd1 $4 {[%mdl 8192]} (23. h4 $18 {was the only winning move.} d4 24. Ne4 (24. hxg5 dxc3 25. Qxc3 Ne2 $11)) 23... Qc6 $2 (23... d4 $1 $19 {[%cal Rd4c3]} 24. Ne4 Bd5) 24. Ng4 $2 {[%mdl 8192] [#]} (24. d4 $16 {is forced if you want to stay better.}) 24... f5 $2 (24... d4 $1 $19 {[%csl Gf4][%cal Rc6g2][%mdl 512]} 25. Ne4 f5) 25. Ne5 Qc7 (25... Qa6 $1 $14) 26. Nf3 (26. d4 $18) 26... Bf6 {[#]} 27. Bf2 (27. d4 $1 $16) 27... Kh7 (27... d4 $1 $11 28. Nxd4 Bxd4 29. Bxd4 Ng3+ 30. Kg1 Nxf1 31. Qxf1 Bd7) 28. Nb5 Qd7 {Accuracy: White = 28%, Black = 29%.} 1-0